How Many Glee Characters Can You Name? - Statistics

General Stats
  • This quiz has been taken 273 times
  • The average score is 40 of 93
Answer Stats
Season Character % Correct
Season 1 Rachel Berry
95%
Finn Hudson
91%
Santana Lopez
91%
Kurt Hummel
88%
Will Schuester
88%
Noah Puckerman
87%
Quinn Fabray
87%
Mike Chang
85%
Tina Cohen-Chang
85%
Sue Sylvester
84%
Brittany Pierce
82%
Mercedes Jones
82%
Artie Abrams
80%
Blaine Anderson
78%
Burt Hummel
75%
Emma Pillsbury
74%
Season 2 Sam Evans
74%
Jake Puckerman
73%
Season 4 Marley Rose
71%
Jesse St. James
67%
Holly Holiday
66%
Terri Del Monico
66%
April Rhodes
64%
Kitty Wilde
63%
Shannon/Sheldon Beiste
63%
Sugar Motta
63%
Unique/Wade Adams
63%
Principal Figgins
62%
Becky Jackson
57%
Ryder Lynn
57%
David Karofsky
56%
Season 3 Rory Flanagan
54%
Matt Rutherford
53%
Joe Hart
52%
Sebastian Smythe
52%
Carole Hudson-Hummel
51%
Shelby Corcoran
51%
Cassandra July
50%
Lauren Zizes
48%
Brody Weston
43%
Season 5 Dani
41%
Mason McCarthy
41%
Madison McCarthy
40%
Guest Star Britney Spears
38%
Jane Hayward
38%
Roderick Meeks
38%
Roz Washington
38%
Sandy Ryerson
38%
Sunshine Corazon
38%
Elliot 'Starchild' Gilbert
37%
Jean Sylvester
36%
Spencer Porter
35%
Guest Star Olivia Newton-John
32%
Bree
31%
Carl Howell
31%
Jacob Ben Israel
31%
Guest Star Josh Groban
29%
Ken Tenaka
29%
Bryan Ryan
27%
Howard Bamboo
27%
Hunter Clarington
27%
Cooper Anderson
25%
Brad
24%
Carmen Tibideaux
24%
Season 6 Myron Muskovitz
24%
Alistair
23%
Azimio Adams
22%
Isabelle Wright
22%
Millie Rose
22%
Rod Remington
20%
Dustin Goolsby
18%
Doris Sylvester
17%
Adam Crawford
16%
Alma Lopez
16%
Maribel Lopez
16%
Clint
15%
Pierce Pierce
15%
David Martinez
14%
Kendra Giardi
14%
Wes
14%
Whitney Pierce
14%
Dakota Stanley
12%
Suzy Pepper
12%
Cooter Menkins
11%
Grace Hitchens
11%
Shane Tinsley
10%
Superintendent Harris
8%
Brenda Castle
7%
Penny Owen
7%
Biff McIntosh
5%
Henri St. Pierre
5%
Frida Romero
4%
Katie Couric
4%
No matching quizzes found
Score Distribution
Percent of People with Each Score
Percentile by Number Answered
Your Score History
You have not taken this quiz